000 00243nam a22001097a 4500
082 _a335.6436 CAR
100 _aCarsten, F L.
245 _aFascist movements in Austria
260 _aLondon
_bSage
_c1977
300 _a356p.
_b23cm.
942 _cBK
999 _c13413
_d13413